000
002510000a22000970004500
100
1
_a
Fritz, Volkmar
245
1
0
_a
Die fremdvölkersprüche des Amos
300
_a
Vol. 37, Num 1 (Enero, 1987), Páginas 26-38
773
0
_t
Vetus Testamentum
942
_c
ANA
999
_c
57275
_d
57275